[Event "Stuttgart-chB op"]
[Site "Ditzingen"]
[Date "2015.05.14"]
[Round "2"]
[White "Ziegler, Michael1111"]
[Black "Boschmann, Werner"]
[Result "1/2-1/2"]
[WhiteElo "1692"]
[BlackElo "1519"]
[PlyCount "134"]
[EventDate "2015.05.17"]
[EventType "swiss"]
[EventRounds "7"]
[EventCountry "GER"]
[SourceTitle "EXT 2018"]
[Source "ChessBase"]
[SourceDate "2017.10.13"]
[SourceVersion "1"]
[SourceVersionDate "2017.10.13"]
[SourceQuality "1"]

1. e4 e5 2. Nf3 Nc6 3. d4 exd4 4. Nxd4 Nf6 5. Nxc6 bxc6 6. Bd3 d5 7. e5 Ng4 8. Bf4 Bc5 9. Bg3 0-0 10. 0-0 Qg5 11. h4 Qe7 12. c3 Nxe5 13. Bxh7+ Kxh7 14. Qh5+ Kg8 15. Qxe5 Qxe5 16. Bxe5 Re8 17. Bxc7 Re7 18. b4 Bb6 19. Bg3 Ba6 20. a4 Rae8 21. Na3 Re2 22. b5 Bb7 23. bxc6 Bxc6 24. Nb5 R8e4 25. Nd4 Bxd4 26. cxd4 Rxd4 27. a5 a6 28. Rac1 Bb5 29. Rfd1 Rxd1+ 30. Rxd1 Bc4 31. Bc7 f6 32. g3 Kf7 33. Kg2 Re7 34. Bb6 Re2 35. Kf3 Re6 36. Rd2 Re1 37. Be3 Ra1 38. Bb6 Re1 39. Kg2 Re2 40. Rxe2 Bxe2 41. f3 Ke6 42. Kf2 Bc4 43. Ke3 g6 44. Kf4 Be2 45. Bd4 Bd3 46. Ke3 Bc2 47. g4 Kf7 48. Kf2 Bd1 49. Kg3 Bc2 50. f4 Be4 51. Kf2 Bd3 52. Ke3 Be4 53. Bb2 Bb1 54. Kd4 Be4 55. Ba1 Bb1 56. Kxd5 Bd3 57. Bb2 Bb1 58. Kd4 Bc2 59. Ke3 Bb1 60. Kd4 Bc2 61. Kc5 Bd3 62. Kb6 Be2 63. h5 gxh5 64. gxh5 Kg7 65. h6+ Kxh6 66. Bxf6 Kg6 67. Be5 Kf5 1/2-1/2

[Event "Stuttgart-chB int"]
[Site "Ditzingen"]
[Date "2014.05.29"]
[Round "2"]
[White "Boschmann, Werner"]
[Black "Michna, Marcus"]
[Result "1/2-1/2"]
[WhiteElo "1550"]
[BlackElo "1774"]
[PlyCount "41"]
[EventDate "2014.05.29"]
[EventType "swiss"]
[EventRounds "7"]
[EventCountry "GER"]
[SourceTitle "EXT 2015"]
[Source "ChessBase"]
[SourceDate "2014.11.20"]
[SourceVersion "1"]
[SourceVersionDate "2014.11.20"]
[SourceQuality "1"]

1. e4 e6 2. d4 d5 3. exd5 exd5 4. c4 c6 5. Nf3 Bd6 6. Bd3 Nf6 7. 0-0 0-0 8. Nc3 h6 9. Re1 Be6 10. c5 Bc7 11. Qc2 Nbd7 12. Bf5 Bxf5 13. Qxf5 Re8 14. Bd2 Rxe1+ 15. Rxe1 Qf8 16. Ne5 Bxe5 17. dxe5 d4 18. exf6 dxc3 19. Bxc3 Nxf6 20. Bxf6 gxf6 21. g3 1/2-1/2

[Event "Stuttgart-chB int"]
[Site "Ditzingen"]
[Date "2012.05.17"]
[Round "2"]
[White "Boschmann, Werner"]
[Black "Kim, Vladimir"]
[Result "0-1"]
[WhiteElo "1686"]
[BlackElo "1826"]
[PlyCount "96"]
[EventDate "2012.05.17"]
[EventType "swiss"]
[EventRounds "7"]
[EventCountry "GER"]
[SourceTitle "EXT 2018"]
[Source "ChessBase"]
[SourceDate "2017.10.13"]
[SourceVersion "1"]
[SourceVersionDate "2017.10.13"]
[SourceQuality "1"]

1. e4 e5 2. Nf3 d6 3. d4 exd4 4. Nxd4 a6 5. Nc3 g6 6. Be3 Bg7 7. Qd2 Ne7 8. Bd3 Nbc6 9. Nf3 Bg4 10. Be2 Bxf3 11. Bxf3 Ne5 12. Be2 Qd7 13. f4 N5c6 14. 0-0-0 Bxc3 15. Qxc3 0-0-0 16. Bf3 Qe6 17. Kb1 f5 18. Bd4 Rhf8 19. Rhe1 fxe4 20. Bxe4 Qf7 21. g3 Kb8 22. Qa3 Rfe8 23. c4 Qxc4 24. Bf6 Rc8 25. Bd3 Qf7 26. Bc3 d5 27. Bxa6 bxa6 28. Qxa6 Na7 29. Re6 Nf5 30. Rde1 Rxe6 31. Rxe6 Re8 32. Rf6 Qe7 33. Be5 Ka8 34. Rc6 Nd4 35. Rc1 c5 36. a4 Ndc6 37. Bc3 c4 38. Re1 Qd7 39. Rxe8+ Qxe8 40. Qb6 Qe4+ 41. Ka2 d4 42. Bb4 Qd5 43. Bc5 d3 44. a5 c3+ 45. b3 d2 46. a6 Qd7 47. Bd6 d1Q 48. Bc7 Q7d2+ 0-1

[Event "Hohenloher op 10th"]
[Site "Forchtenberg"]
[Date "2003.06.21"]
[Round "5"]
[White "Boschmann, Werner"]
[Black "Riedel, Thomas"]
[Result "0-1"]
[WhiteElo "1600"]
[BlackElo "1680"]
[PlyCount "64"]
[EventDate "2003.06.19"]
[EventType "swiss"]
[EventRounds "7"]
[EventCountry "GER"]
[SourceTitle "EXT 2004"]
[Source "ChessBase"]
[SourceDate "2003.11.25"]
[SourceVersion "1"]
[SourceVersionDate "2003.11.25"]
[SourceQuality "1"]

1. e4 c5 2. Nc3 e6 3. f4 Nc6 4. Nf3 d5 5. Bb5 a6 6. Bxc6+ bxc6 7. d3 Bd6 8. 0-0 Ne7 9. Ng5 f6 10. Nf3 0-0 11. Ne2 Bd7 12. Nh4 Qe8 13. Ng3 Ng6 14. Qh5 Nxh4 15. Qxh4 f5 16. e5 Be7 17. Qh3 Rb8 18. b3 c4 19. dxc4 dxc4 20. Be3 cxb3 21. axb3 c5 22. Ne2 Bc6 23. Bf2 Qc8 24. Nc3 Rb4 25. Bh4 Bxh4 26. Qxh4 Qb7 27. Qf2 c4 28. bxc4 Rxc4 29. Qd2 Rc8 30. Rfb1 Qa7+ 31. Kf1 Rxc3 32. Qd6 Bxg2+ 0-1

[Event "Hohenloher op 10th"]
[Site "Forchtenberg"]
[Date "2003.06.21"]
[Round "6"]
[White "Tessmer, Hans Peter"]
[Black "Boschmann, Werner"]
[Result "0-1"]
[WhiteElo "900"]
[BlackElo "1600"]
[PlyCount "62"]
[EventDate "2003.06.19"]
[EventType "swiss"]
[EventRounds "7"]
[EventCountry "GER"]
[SourceTitle "EXT 2004"]
[Source "ChessBase"]
[SourceDate "2003.11.25"]
[SourceVersion "1"]
[SourceVersionDate "2003.11.25"]
[SourceQuality "1"]

1. e4 e5 2. Nf3 Nc6 3. Bb5 a6 4. Ba4 Nf6 5. 0-0 Bc5 6. c3 b5 7. Bb3 d6 8. d4 Bb6 9. d5 Ne7 10. Bc2 Bg4 11. h3 Bh5 12. Re1 0-0 13. Be3 Nd7 14. Bxb6 Nxb6 15. Nbd2 Qd7 16. Nf1 Bg6 17. Ng3 h6 18. Qe2 Bh7 19. b3 f5 20. exf5 Nbxd5 21. c4 Nf4 22. Qe3 Nxf5 23. Nxf5 Bxf5 24. Bxf5 Qxf5 25. h4 Qg4 26. g3 Nh5 27. Nd2 Rf6 28. cxb5 Raf8 29. Re2 Nf4 30. Ree1 Nh3+ 31. Kg2 Nxf2 0-1